000 00526nam a22001697a 4500
005 20260408133045.0
008 260408b |||||||| |||| 00| 0 eng d
037 _cDSWL
040 _aDSWL
_cDSWL
041 _heng
100 _aParhir, Tanya
_91234343
245 _aExploring the justice delivery system in context of crime of against women in India
260 _aNew Delhi,
_bDepartment of Social Work,
_c2017
300 _a85p
942 _2CC
_cDIS
_n0
999 _c1848098
_d1848098